The Significance of land use survey; (Record no. 89421)

MARC details
000 -LEADER
fixed length control field 00821cam a22002291 4500
001 - CONTROL NUMBER
control field sa 68020438
003 - CONTROL NUMBER IDENTIFIER
control field DLC
005 - DATE AND TIME OF LATEST TRANSACTION
control field 20260227112724.0
008 - FIXED-LENGTH DATA ELEMENTS--GENERAL INFORMATION
fixed length control field 760212s1968 xx 10000 engd
010 ## - LIBRARY OF CONGRESS CONTROL NUMBER
LC control number sa 68020438 //r85
025 ## - OVERSEAS ACQUISITION NUMBER
Overseas acquisition number PL480:Indo-8056
043 ## - GEOGRAPHIC AREA CODE
Geographic area code a-io---
050 0# - LIBRARY OF CONGRESS CALL NUMBER
Classification number HD898
Item number .S57
082 ## - DEWEY DECIMAL CLASSIFICATION NUMBER
Classification number 333.7/09598
245 04 - TITLE STATEMENT
Title The Significance of land use survey;
Remainder of title proceedings of the discussions ... held in Jogjakarta and Djakarta between International Council of Scientific Unions and Lembaga Ilmu Pengetahuan Indonesia, March 15-March 16, 1968.
260 0# - PUBLICATION, DISTRIBUTION, ETC.
Place of publication, distribution, etc. [n.p.,
Date of publication, distribution, etc. 1968]
300 ## - PHYSICAL DESCRIPTION
Extent 15 l.
Dimensions 27 cm.
650 #0 - SUBJECT ADDED ENTRY--TOPICAL TERM
Topical term or geographic name entry element Land use
Geographic subdivision Indonesia
General subdivision Congresses.
650 #0 - SUBJECT ADDED ENTRY--TOPICAL TERM
Topical term or geographic name entry element Surveying
General subdivision Congresses.
710 20 - ADDED ENTRY--CORPORATE NAME
Corporate name or jurisdiction name as entry element International Council of Scientific Unions.
710 20 - ADDED ENTRY--CORPORATE NAME
Corporate name or jurisdiction name as entry element Lembaga Ilmu Pengetahuan Indonesia.

No items available.

Powered by Koha